Simplified accounting for sole proprietorship / (Record no. 16172)
[ view plain ]
| 000 -LEADER | |
|---|---|
| fixed length control field | 00605nam a22002297a 4500 |
| 003 - CONTROL NUMBER IDENTIFIER | |
| control field | FEu |
| 005 - DATE AND TIME OF LATEST TRANSACTION | |
| control field | 20140311161019.0 |
| 008 - FIXED-LENGTH DATA ELEMENTS--GENERAL INFORMATION | |
| fixed length control field | 130219t xxu||||| |||| 00| 0 eng d |
| 050 ## - LIBRARY OF CONGRESS CALL NUMBER | |
| Classification number | HF 5635 |
| Item number | .Ab141Sp 2009 vol.1 |
| 100 ## - MAIN ENTRY--PERSONAL NAME | |
| Personal name | Abelede, Nelson S. |
| 245 ## - TITLE STATEMENT | |
| Title | Simplified accounting for sole proprietorship / |
| Statement of responsibility, etc | Abeleda, Nelson S. |
| 260 ## - PUBLICATION, DISTRIBUTION, ETC. (IMPRINT) | |
| Place of publication, distribution, etc | Paranaque City : |
| Name of publisher, distributor, etc | Nelson Publications , |
| Date of publication, distribution, etc | 2009. |
| 300 ## - PHYSICAL DESCRIPTION | |
| Extent | 257 p. : |
| Dimensions | 27 cm. |
| Other physical details | ill. ; |
| 521 ## - TARGET AUDIENCE NOTE | |
| Target audience note | |
| 562 ## - COPY AND VERSION IDENTIFICATION NOTE | |
| Number of copies | 1 |
| 942 ## - ADDED ENTRY ELEMENTS (KOHA) | |
| Source of classification or shelving scheme | Library of Congress Classification |
| Koha item type | Books |
| Call number prefix | Local |
| Withdrawn status | Lost status | Source of classification or shelving scheme | Damaged status | Home library | Current library | Shelving location | Date acquired | Source of acquisition | Total Checkouts | Full call number | Barcode | Date last seen | Copy number | Price effective from | Koha item type | Total Renewals | Date checked out |
|---|---|---|---|---|---|---|---|---|---|---|---|---|---|---|---|---|---|
| Library of Congress Classification | Archives | Archives | 02/19/2013 | Donation | HF 5635 .Ab141Sp 2009 vol.1 | C10811 | 05/08/2018 | 1 | 02/19/2013 | Books | |||||||
| Library of Congress Classification | Archives | Archives | 11/25/2013 | Donation | 1 | HF 5635 .Ab141Sp 2009 vol.1 | C10812 | 05/08/2018 | 2 | 11/25/2013 | Books | 18 | 06/16/2015 | ||||
| Library of Congress Classification | Archives | Archives | 11/25/2013 | Donation | HF 5635 .Ab141Sp 2009 vol.1 | C10813 | 05/08/2018 | 5 | 11/25/2013 | Books | |||||||
| Library of Congress Classification | College Library | College Library | Filipiniana Section | 11/25/2013 | Donation | HF 5635 .Ab141Sp 2009 vol.1 | C10809 | 05/08/2018 | 3 | 11/25/2013 | Books |